<?xml version="1.0" encoding="UTF-8"?>
<record
    xmlns:xsi="http://www.w3.org/2001/XMLSchema-instance"
    xsi:schemaLocation="http://www.loc.gov/MARC21/slim http://www.loc.gov/standards/marcxml/schema/MARC21slim.xsd"
    xmlns="http://www.loc.gov/MARC21/slim">

  <leader>00628nam a22001577a 4500</leader>
  <controlfield tag="003">OSt</controlfield>
  <controlfield tag="005">20160111110653.0</controlfield>
  <controlfield tag="008">160111b        xxu||||| |||| 00| 0 eng d</controlfield>
  <datafield tag="040" ind1=" " ind2=" ">
    <subfield code="c">RUA </subfield>
  </datafield>
  <datafield tag="082" ind1=" " ind2=" ">
    <subfield code="a">GRS VAL 2006 B324 Or.1</subfield>
  </datafield>
  <datafield tag="100" ind1=" " ind2=" ">
    <subfield code="9">6239</subfield>
    <subfield code="a">VA LUN ; &#x179C;&#x17C9;&#x17B6; &#x179B;&#x1793;&#x17CB;</subfield>
  </datafield>
  <datafield tag="245" ind1=" " ind2=" ">
    <subfield code="a">Effect of hormones suprefact and p.g+ lrh -a on breeding of leptobarbus hoevenii, &#x1794;&#x17D2;&#x179A;&#x179F;&#x17B7;&#x1791;&#x17D2;&#x1792;&#x1797;&#x17B6;&#x1796;&#x1793;&#x17C3;&#x17A2;&#x17D0;&#x179A;&#x1798;&#x17C9;&#x17BC;&#x1793; Suprefact &#x1793;&#x17B7;&#x1784;&#x200B; P.G + LRH-A&#x200B; &#x1791;&#x17C5;&#x179B;&#x17BE;&#x1780;&#x17B6;&#x179A;&#x1795;&#x179B;&#x17B7;&#x178F;&#x178F;&#x17D2;&#x179A;&#x17B8;&#x1796;&#x17D2;&#x179A;&#x179B;&#x17BC;&#x1784;,</subfield>
  </datafield>
  <datafield tag="260" ind1=" " ind2=" ">
    <subfield code="a">Phnom Penh </subfield>
    <subfield code="b">RUA</subfield>
    <subfield code="c">2006</subfield>
  </datafield>
  <datafield tag="300" ind1=" " ind2=" ">
    <subfield code="a">xii ; 41p.</subfield>
    <subfield code="b">ill.</subfield>
    <subfield code="c">29cm.</subfield>
  </datafield>
  <datafield tag="942" ind1=" " ind2=" ">
    <subfield code="2">ddc</subfield>
    <subfield code="c">GRS</subfield>
  </datafield>
  <datafield tag="999" ind1=" " ind2=" ">
    <subfield code="c">5814</subfield>
    <subfield code="d">5814</subfield>
  </datafield>
  <datafield tag="952" ind1=" " ind2=" ">
    <subfield code="0">0</subfield>
    <subfield code="1">0</subfield>
    <subfield code="2">ddc</subfield>
    <subfield code="4">0</subfield>
    <subfield code="6">GRS_VAL_2006_000000000000000_B324_OR_1</subfield>
    <subfield code="7">0</subfield>
    <subfield code="9">31878</subfield>
    <subfield code="a">LBB</subfield>
    <subfield code="b">LBB</subfield>
    <subfield code="c">B324</subfield>
    <subfield code="d">2016-01-11</subfield>
    <subfield code="o">GRS VAL 2006 B324 Or.1</subfield>
    <subfield code="p">RUA034370</subfield>
    <subfield code="r">2016-01-11</subfield>
    <subfield code="w">2016-01-11</subfield>
    <subfield code="y">GRS</subfield>
  </datafield>
  <datafield tag="952" ind1=" " ind2=" ">
    <subfield code="0">0</subfield>
    <subfield code="1">0</subfield>
    <subfield code="2">ddc</subfield>
    <subfield code="4">0</subfield>
    <subfield code="6">GRS_VAL_2006_000000000000000_B324_OR_2</subfield>
    <subfield code="7">0</subfield>
    <subfield code="9">31879</subfield>
    <subfield code="a">LBB</subfield>
    <subfield code="b">LBB</subfield>
    <subfield code="c">B324</subfield>
    <subfield code="d">2016-01-11</subfield>
    <subfield code="o">GRS VAL 2006 B324 Or.2</subfield>
    <subfield code="p">RUA043470</subfield>
    <subfield code="r">2016-01-11</subfield>
    <subfield code="w">2016-01-11</subfield>
    <subfield code="y">GRS</subfield>
  </datafield>
  <datafield tag="952" ind1=" " ind2=" ">
    <subfield code="0">0</subfield>
    <subfield code="1">0</subfield>
    <subfield code="2">ddc</subfield>
    <subfield code="4">0</subfield>
    <subfield code="6">GRS_VAL_2006_000000000000000_B324_OR_3</subfield>
    <subfield code="7">0</subfield>
    <subfield code="9">31880</subfield>
    <subfield code="a">LBB</subfield>
    <subfield code="b">LBB</subfield>
    <subfield code="c">B324</subfield>
    <subfield code="d">2016-01-11</subfield>
    <subfield code="o">GRS VAL 2006 B324 Or.3</subfield>
    <subfield code="p">RUA040784</subfield>
    <subfield code="r">2016-01-11</subfield>
    <subfield code="w">2016-01-11</subfield>
    <subfield code="y">GRS</subfield>
  </datafield>
  <datafield tag="952" ind1=" " ind2=" ">
    <subfield code="0">0</subfield>
    <subfield code="1">0</subfield>
    <subfield code="2">ddc</subfield>
    <subfield code="4">0</subfield>
    <subfield code="6">GRS_VAL_2006_000000000000000_B324_OR_4</subfield>
    <subfield code="7">0</subfield>
    <subfield code="9">31881</subfield>
    <subfield code="a">LBB</subfield>
    <subfield code="b">LBB</subfield>
    <subfield code="c">B324</subfield>
    <subfield code="d">2016-01-11</subfield>
    <subfield code="o">GRS VAL 2006 B324 Or.4</subfield>
    <subfield code="p">RUA040724</subfield>
    <subfield code="r">2016-01-11</subfield>
    <subfield code="w">2016-01-11</subfield>
    <subfield code="y">GRS</subfield>
  </datafield>
  <datafield tag="952" ind1=" " ind2=" ">
    <subfield code="0">0</subfield>
    <subfield code="1">0</subfield>
    <subfield code="2">ddc</subfield>
    <subfield code="4">0</subfield>
    <subfield code="6">GRS_VAL_2006_000000000000000_B324_OR_5</subfield>
    <subfield code="7">0</subfield>
    <subfield code="9">31882</subfield>
    <subfield code="a">LBB</subfield>
    <subfield code="b">LBB</subfield>
    <subfield code="c">B324</subfield>
    <subfield code="d">2016-01-11</subfield>
    <subfield code="o">GRS VAL 2006 B324 Or.5</subfield>
    <subfield code="p">RUA039402</subfield>
    <subfield code="r">2016-01-11</subfield>
    <subfield code="w">2016-01-11</subfield>
    <subfield code="y">GRS</subfield>
  </datafield>
  <datafield tag="952" ind1=" " ind2=" ">
    <subfield code="0">0</subfield>
    <subfield code="1">0</subfield>
    <subfield code="2">ddc</subfield>
    <subfield code="4">0</subfield>
    <subfield code="6">GRS_VAL_2006_000000000000000_B324_OR_6</subfield>
    <subfield code="7">0</subfield>
    <subfield code="9">31883</subfield>
    <subfield code="a">LBB</subfield>
    <subfield code="b">LBB</subfield>
    <subfield code="c">B324</subfield>
    <subfield code="d">2016-01-11</subfield>
    <subfield code="o">GRS VAL 2006 B324 Or.6</subfield>
    <subfield code="p">RUA040711</subfield>
    <subfield code="r">2016-01-11</subfield>
    <subfield code="w">2016-01-11</subfield>
    <subfield code="y">GRS</subfield>
  </datafield>
  <datafield tag="952" ind1=" " ind2=" ">
    <subfield code="0">0</subfield>
    <subfield code="1">0</subfield>
    <subfield code="2">ddc</subfield>
    <subfield code="4">0</subfield>
    <subfield code="6">GRS_VAL_2006_000000000000000_B324_OR_7</subfield>
    <subfield code="7">0</subfield>
    <subfield code="9">31884</subfield>
    <subfield code="a">LBB</subfield>
    <subfield code="b">LBB</subfield>
    <subfield code="c">B324</subfield>
    <subfield code="d">2016-01-11</subfield>
    <subfield code="o">GRS VAL 2006 B324 Or.7</subfield>
    <subfield code="p">RUA040771</subfield>
    <subfield code="r">2016-01-11</subfield>
    <subfield code="w">2016-01-11</subfield>
    <subfield code="y">GRS</subfield>
  </datafield>
  <datafield tag="952" ind1=" " ind2=" ">
    <subfield code="0">0</subfield>
    <subfield code="1">0</subfield>
    <subfield code="2">ddc</subfield>
    <subfield code="4">0</subfield>
    <subfield code="6">GRS_VAL_2006_000000000000000_B324_OR_8</subfield>
    <subfield code="7">0</subfield>
    <subfield code="9">31885</subfield>
    <subfield code="a">LBB</subfield>
    <subfield code="b">LBB</subfield>
    <subfield code="c">B324</subfield>
    <subfield code="d">2016-01-11</subfield>
    <subfield code="o">GRS VAL 2006 B324 Or.8</subfield>
    <subfield code="p">RUA040488</subfield>
    <subfield code="r">2016-01-11</subfield>
    <subfield code="w">2016-01-11</subfield>
    <subfield code="y">GRS</subfield>
  </datafield>
  <datafield tag="952" ind1=" " ind2=" ">
    <subfield code="0">0</subfield>
    <subfield code="1">0</subfield>
    <subfield code="2">ddc</subfield>
    <subfield code="4">0</subfield>
    <subfield code="6">GRS_VAL_2006_000000000000000_B324_OR_9</subfield>
    <subfield code="7">0</subfield>
    <subfield code="9">31886</subfield>
    <subfield code="a">LBB</subfield>
    <subfield code="b">LBB</subfield>
    <subfield code="c">B324</subfield>
    <subfield code="d">2016-01-11</subfield>
    <subfield code="o">GRS VAL 2006 B324 Or.9</subfield>
    <subfield code="p">RUA44796</subfield>
    <subfield code="r">2016-01-11</subfield>
    <subfield code="w">2016-01-11</subfield>
    <subfield code="y">GRS</subfield>
  </datafield>
  <datafield tag="952" ind1=" " ind2=" ">
    <subfield code="0">0</subfield>
    <subfield code="1">0</subfield>
    <subfield code="2">ddc</subfield>
    <subfield code="4">0</subfield>
    <subfield code="6">GRS_VAL_2006_000000000000000_B324_OR_10</subfield>
    <subfield code="7">0</subfield>
    <subfield code="9">31887</subfield>
    <subfield code="a">LBB</subfield>
    <subfield code="b">LBB</subfield>
    <subfield code="c">B324</subfield>
    <subfield code="d">2016-01-11</subfield>
    <subfield code="o">GRS VAL 2006 B324 Or.10</subfield>
    <subfield code="p">RUA046449</subfield>
    <subfield code="r">2016-01-11</subfield>
    <subfield code="w">2016-01-11</subfield>
    <subfield code="y">GRS</subfield>
  </datafield>
</record>
